The debt trap : The IMF and the third world

Đã lưu trong:
书目详细资料
主要作者: Payer, Cheryl
格式: 图书
语言:Undetermined
出版: Harmondsworth Penguin books 1974
主题:
标签: 添加标签
没有标签, 成为第一个标记此记录!
Thư viện lưu trữ: Trung tâm Học liệu Trường Đại học Cần Thơ
LEADER 00601nam a2200205Ia 4500
001 CTU_105287
008 210402s9999 xx 000 0 und d
082 |a 332.1 
082 |b P344 
100 |a Payer, Cheryl 
245 4 |a The debt trap : 
245 4 |b The IMF and the third world 
245 0 |c Cheryl Payer 
260 |a Harmondsworth 
260 |b Penguin books 
260 |c 1974 
650 |a International Monetary Fund,International finance,Finance 
650 |x Developing countries,Developing countries 
904 |i Hiếu 
980 |a Trung tâm Học liệu Trường Đại học Cần Thơ